Titres de Chansons Sans Voyelles - Statistiques

Statistiques générales
  • Ce quiz a été pris 74 fois
  • Le résultat moyen est 12 sur 17
Statistiques - réponses
Auteur Titre sans voyelles Titre % Correct
Lara Fabian J T'M Je t'aime
100%
Stromae FRMDBL Formidable
94%
Johnny Hallyday LLMZ L F Allumez le feu
89%
Noir Désir L'HMM PRSS L'Homme pressé
86%
Aya Nakamura CPNS Copines
80%
Michel Berger L GRP D PNST La Groupie du pianiste
75%
Michel Sardou L MLD D'MR La maladie d'amour
75%
Kendji Jirac LS X D L MM Les yeux de la mama
72%
Gims CL Ciel
68%
Pierre Perret L ZZ Le zizi
65%
Jacques Brel VSL Vesoul
62%
Georges Brassens CHNSN PR L'VRGNT Chanson pour l'Auvergnat
60%
Kyo L GRL Le Graal
60%
Serge Gainsbourg L PNCNNR DS LLS Le Poinçonneur des Lilas
60%
Les Rita Mitsouko MRC BL Marcia Baïla
55%
Angèle NN Oui ou non
32%
Serge Reggiani L SFFRT D PRSQ RN Il suffirait de presque rien
29%
Aucun quiz correspondant
Distribution des résultats
% des personnes avec chaque résultat
Percentile par nombre de réponses
Votre historique - résultats
Vous n’avez pas pris ce quiz